[Event "UKR-ch 75th"]
[Site "Poltava"]
[Date "2006.11.27"]
[Round "2.3"]
[White "Boginin, Oleg"]
[Black "Zinchenko, Yaroslav"]
[Result "0-1"]
[WhiteElo "2352"]
[BlackElo "2503"]
[PlyCount "66"]
[EventDate "2006.11.24"]
[EventType "k.o."]
[EventRounds "5"]
[EventCountry "UKR"]
[SourceTitle "CBM 116"]
[Source "ChessBase"]
[SourceDate "2007.02.01"]
[SourceVersion "1"]
[SourceVersionDate "2007.02.01"]
[SourceQuality "1"]

1. Nf3 d5 2. b3 c6 3. Bb2 Bg4 4. e3 Nd7 5. Be2 e6 6. c4 Ngf6 7. 0-0 Bd6 8. d3 0-0 9. Nbd2 Qc7 10. h3 Bh5 11. Rc1 a5 12. cxd5 exd5 13. Nd4 Bxe2 14. Qxe2 a4 15. Nb5 Qb8 16. Nxd6 Qxd6 17. bxa4 Rxa4 18. a3 Ne5 19. Nf3 Nxf3+ 20. Qxf3 Rfa8 21. Rfe1 Nd7 22. e4 d4 23. Rc2 h6 24. Rec1 R8a5 25. Rc4 Ne5 26. Qd1 Nxc4 27. dxc4 c5 28. Qb3 Qc6 29. Re1 Ra8 30. e5 Qa6 31. Bc1 Re8 32. Re4 Qxc4 33. Qd1 Qd5 0-1

[Event "UKR-ch 75th"]
[Site "Poltava"]
[Date "2006.11.26"]
[Round "2.1"]
[White "Boginin, Oleg"]
[Black "Zinchenko, Yaroslav"]
[Result "1/2-1/2"]
[WhiteElo "2352"]
[BlackElo "2503"]
[PlyCount "115"]
[EventDate "2006.11.24"]
[EventType "k.o."]
[EventRounds "5"]
[EventCountry "UKR"]
[SourceTitle "CBM 116"]
[Source "ChessBase"]
[SourceDate "2007.02.01"]
[SourceVersion "1"]
[SourceVersionDate "2007.02.01"]
[SourceQuality "1"]

1. d4 d5 2. c4 e6 3. Nc3 c6 4. e3 f5 5. g4 Nf6 6. gxf5 exf5 7. cxd5 Nxd5 8. e4 Nxc3 9. bxc3 Qh4 10. exf5 Bxf5 11. Bd3 Bxd3 12. Qxd3 Be7 13. Nf3 Qh5 14. Ne5 0-0 15. Rb1 b6 16. Be3 Bd6 17. Rg1 Bxe5 18. dxe5 Qxe5 19. Rb4 Qf5 20. Qc4+ Rf7 21. Qb3 Nd7 22. Rbg4 g6 23. Rf4 Qd5 24. Qxd5 cxd5 25. Ra4 Ne5 26. Ke2 Nc4 27. Rb4 Raf8 28. Bd4 Re7+ 29. Kf1 Nd2+ 30. Kg2 Rf5 31. Rd1 Nc4 32. Rbb1 Re2 33. Re1 Rg5+ 34. Kh3 Rxe1 35. Rxe1 Kf7 36. Re2 h5 37. f3 Nd6 38. a4 Nc4 39. Kh4 Rf5 40. Kg3 Na5 41. h4 Nc6 42. Be3 Re5 43. Kf2 Ne7 44. Rd2 Nf5 45. Bg5 d4 46. cxd4 Rd5 47. Rc2 Ke6 48. Rc7 Rxd4 49. Rxa7 Nxh4 50. Ra6 Kf5 51. Be3 Rb4 52. Bxb6 g5 53. Be3 Rb2+ 54. Kg3 Rb3 55. Ra5+ Ke6 56. Ra6+ Kf5 57. Ra5+ Ke6 58. Ra6+ 1/2-1/2

[Event "UKR-ch sf"]
[Site "Alushta"]
[Date "2006.05.20"]
[Round "8"]
[White "Boginin, Oleg"]
[Black "Luzhinsky, Vitaly"]
[Result "1-0"]
[WhiteElo "2344"]
[BlackElo "2231"]
[PlyCount "67"]
[EventDate "2006.05.13"]
[EventType "swiss"]
[EventRounds "9"]
[EventCountry "UKR"]
[SourceTitle "CBM 112 Extra"]
[Source "ChessBase"]
[SourceDate "2006.07.14"]
[SourceVersion "1"]
[SourceVersionDate "2006.07.14"]
[SourceQuality "1"]

1. d4 d5 2. c4 c6 3. Nc3 Nf6 4. cxd5 cxd5 5. Bf4 Nc6 6. e3 a6 7. Bd3 Bg4 8. Nge2 e6 9. Rc1 Bd6 10. f3 Bh5 11. Qb3 0-0 12. Bxd6 Qxd6 13. 0-0 Rab8 14. Qd1 e5 15. Bf5 Rfe8 16. Qd2 Bg6 17. Bxg6 hxg6 18. Rfe1 Rbd8 19. Na4 g5 20. h3 e4 21. f4 gxf4 22. Nxf4 g5 23. Ne2 Kg7 24. Nc5 Rb8 25. Rf1 Rh8 26. Rf5 g4 27. Rcf1 Rh6 28. Nf4 Rbh8 29. Qf2 Ne7 30. Rxf6 Rxf6 31. Nfe6+ Rxe6 32. Qxf7+ Kh6 33. Nxe6 Rg8 34. Rf6+ 1-0

[Event "UKR-ch sf"]
[Site "Alushta"]
[Date "2006.05.19"]
[Round "7"]
[White "Zubov, Alexander"]
[Black "Boginin, Oleg"]
[Result "1-0"]
[WhiteElo "2537"]
[BlackElo "2344"]
[PlyCount "65"]
[EventDate "2006.05.13"]
[EventType "swiss"]
[EventRounds "9"]
[EventCountry "UKR"]
[SourceTitle "CBM 112 Extra"]
[Source "ChessBase"]
[SourceDate "2006.07.14"]
[SourceVersion "1"]
[SourceVersionDate "2006.07.14"]
[SourceQuality "1"]

1. d4 Nf6 2. c4 e6 3. Nc3 Bb4 4. Qc2 c5 5. dxc5 0-0 6. Nf3 Na6 7. Bd2 Nxc5 8. a3 Bxc3 9. Bxc3 b6 10. Ng5 e5 11. Bxe5 Re8 12. Bd4 d5 13. e3 g6 14. Be2 Bf5 15. Qd1 Ng4 16. Nf3 dxc4 17. h3 Nxf2 18. Kxf2 Ne4+ 19. Kg1 Qc7 20. Qe1 Ng3 21. Bf1 Rac8 22. Be5 Rxe5 23. Qxg3 Rxe3 24. Qxc7 Rxc7 25. Nd4 Bd3 26. Kf2 Re4 27. Nf3 Rce7 28. Bxd3 cxd3 29. Rhe1 f5 30. Rxe4 fxe4 31. Re1 Rc7 32. Nd4 Rf7+ 33. Ke3 1-0

[Event "UKR-ch sf"]
[Site "Alushta"]
[Date "2006.05.15"]
[Round "3"]
[White "Goroshchenko, Dmitry"]
[Black "Boginin, Oleg"]
[Result "1/2-1/2"]
[WhiteElo "2219"]
[BlackElo "2344"]
[PlyCount "27"]
[EventDate "2006.05.13"]
[EventType "swiss"]
[EventRounds "9"]
[EventCountry "UKR"]
[SourceTitle "CBM 112 Extra"]
[Source "ChessBase"]
[SourceDate "2006.07.14"]
[SourceVersion "1"]
[SourceVersionDate "2006.07.14"]
[SourceQuality "1"]

1. e4 c6 2. d4 d5 3. exd5 cxd5 4. c4 Nf6 5. Nc3 Nc6 6. Bg5 dxc4 7. d5 Na5 8. Bxc4 Nxc4 9. Qa4+ Bd7 10. Qxc4 e6 11. Nf3 Be7 12. Bxf6 Bxf6 13. 0-0 0-0 14. Rad1 1/2-1/2

[Event "UKR-ch sf"]
[Site "Alushta"]
[Date "2006.05.14"]
[Round "2"]
[White "Boginin, Oleg"]
[Black "Aliferenko, Aleksei"]
[Result "1/2-1/2"]
[WhiteElo "2344"]
[BlackElo "2251"]
[PlyCount "104"]
[EventDate "2006.05.13"]
[EventType "swiss"]
[EventRounds "9"]
[EventCountry "UKR"]
[SourceTitle "CBM 112 Extra"]
[Source "ChessBase"]
[SourceDate "2006.07.14"]
[SourceVersion "1"]
[SourceVersionDate "2006.07.14"]
[SourceQuality "1"]

1. d4 Nf6 2. c4 e6 3. Nc3 Bb4 4. Nf3 0-0 5. Bg5 b6 6. e3 Bb7 7. Bd3 d6 8. Qc2 h6 9. Bh4 Nbd7 10. 0-0 Bxc3 11. Qxc3 Qe7 12. e4 e5 13. Rfe1 Rfe8 14. d5 a5 15. Bc2 Nf8 16. Ba4 Reb8 17. Nd2 Ng6 18. Bg3 Nh5 19. Nf1 Bc8 20. Ne3 Bd7 21. Nf5 Qd8 22. Bxd7 Qxd7 23. f3 Kh7 24. Bf2 Ne7 25. Qc2 Nxf5 26. exf5 g6 27. g4 Nf6 28. Bh4 Kg7 29. Rad1 gxf5 30. gxf5 Rg8 31. Kh1 Nh5 32. Rg1+ Kh7 33. Rg4 Rxg4 34. fxg4 Nf4 35. g5 hxg5 36. Bxg5 Rg8 37. Bxf4 exf4 38. Qe4 Rg5 39. Qxf4 Qxf5 40. Qxf5+ Rxf5 41. Kg2 Rf4 42. b3 Kg6 43. Re1 Rd4 44. Kf3 a4 45. Re7 axb3 46. axb3 Rd3+ 47. Ke4 Rxb3 48. Rxc7 b5 49. Rc6 bxc4 50. Rxd6+ f6 51. Rc6 Rh3 52. d6 Rd3 1/2-1/2

[Event "UKR-ch sf"]
[Site "Alushta"]
[Date "2005.05.21"]
[Round "6"]
[White "Boginin, Oleg"]
[Black "Molchanov, Alexey"]
[Result "1-0"]
[WhiteElo "2358"]
[BlackElo "2123"]
[PlyCount "87"]
[EventDate "2005.05.16"]
[EventType "swiss"]
[EventRounds "9"]
[EventCountry "UKR"]
[SourceTitle "CBM 106 Extra"]
[Source "ChessBase"]
[SourceDate "2005.07.01"]
[SourceVersion "1"]
[SourceVersionDate "2005.07.01"]
[SourceQuality "1"]

1. d4 e6 2. c4 b6 3. a3 Bb7 4. Nc3 Nf6 5. Nf3 Be7 6. d5 d6 7. g3 e5 8. Bh3 Nbd7 9. 0-0 0-0 10. b4 Re8 11. e4 Nf8 12. Nh4 Ng6 13. Nf5 Bf8 14. Qf3 Bc8 15. Bg5 Be7 16. Nxe7+ Qxe7 17. Bxc8 Rexc8 18. Nd1 h6 19. Bxf6 Qxf6 20. Qxf6 gxf6 21. Ne3 Ne7 22. c5 f5 23. exf5 f6 24. Rac1 dxc5 25. bxc5 Rd8 26. Rfd1 Rac8 27. Kg2 Rd7 28. d6 cxd6 29. cxd6 Rxd6 30. Rxd6 Rxc1 31. Rxf6 Rc6 32. Rxc6 Nxc6 33. Kf3 b5 34. Ke4 b4 35. axb4 Nxb4 36. Nc4 Kf8 37. g4 Ke7 38. h4 Kf6 39. Nxe5 a5 40. f4 a4 41. g5+ hxg5 42. hxg5+ Kg7 43. f6+ Kf8 44. g6 1-0

[Event "UKR-ch sf"]
[Site "Alushta"]
[Date "2005.05.16"]
[Round "1"]
[White "Savvopulo, Anatolij"]
[Black "Boginin, Oleg"]
[Result "0-1"]
[WhiteElo "2175"]
[BlackElo "2358"]
[PlyCount "56"]
[EventDate "2005.05.16"]
[EventType "swiss"]
[EventRounds "9"]
[EventCountry "UKR"]
[SourceTitle "CBM 106 Extra"]
[Source "ChessBase"]
[SourceDate "2005.07.01"]
[SourceVersion "1"]
[SourceVersionDate "2005.07.01"]
[SourceQuality "1"]

1. d4 Nf6 2. c4 e6 3. Nc3 Bb4 4. Qc2 d5 5. e3 0-0 6. Nf3 b6 7. Bd2 Ba6 8. b3 c5 9. a3 Bxc3 10. Bxc3 cxd4 11. Bxd4 Nc6 12. cxd5 Nxd4 13. Nxd4 Bxf1 14. Kxf1 Qxd5 15. f3 Rac8 16. Qb2 e5 17. Ne2 Qd3 18. Qxe5 Rc2 19. Re1 Rd8 20. Kf2 h6 21. e4 Re8 22. Qf4 Nd5 23. exd5 Rexe2+ 24. Kg3 Qg6+ 25. Kh4 Rxg2 26. Re8+ Kh7 27. Re5 f6 28. Rh5 Rg5 0-1

[Event "Mariupol op"]
[Site "Mariupol"]
[Date "2003.07.17"]
[Round "7"]
[White "Boginin, Oleg"]
[Black "Ivanova, Svetlana"]
[Result "1-0"]
[WhiteElo "2378"]
[BlackElo "2268"]
[PlyCount "107"]
[EventDate "2003.07.11"]
[EventType "swiss"]
[EventRounds "10"]
[EventCountry "UKR"]
[SourceTitle "CBM 095 Extra"]
[Source "ChessBase"]
[SourceDate "2003.09.04"]
[SourceVersion "1"]
[SourceVersionDate "2003.09.04"]
[SourceQuality "1"]

1. d4 e6 2. c4 b6 3. Nc3 Bb7 4. Nf3 Bb4 5. e3 f5 6. Bd3 Nf6 7. 0-0 0-0 8. Qb3 Bxc3 9. Qxc3 Ng4 10. d5 exd5 11. h3 dxc4 12. Qxc4+ d5 13. Qf4 Nh6 14. b4 Qd6 15. Qxd6 cxd6 16. Nd4 Nc6 17. Nxc6 Bxc6 18. b5 Bd7 19. a4 Nf7 20. f4 Nd8 21. Be2 Nb7 22. Bf3 Be6 23. Rd1 Rac8 24. Rxd5 Bxd5 25. Bxd5+ Rf7 26. Bb2 Rc2 27. Bd4 Kf8 28. Bxf7 Kxf7 29. g4 g5 30. fxg5 fxg4 31. hxg4 Kg6 32. Bf6 h6 33. Rf1 hxg5 34. Bd4 Rc7 35. Rf6+ Kh7 36. Kg2 Nc5 37. a5 bxa5 38. Rxd6 Nb3 39. Bf6 Rc5 40. e4 Rxb5 41. e5 Nc5 42. e6 Ne4 43. Rd7+ Kg6 44. Bd4 Nf6 45. Rf7 Nxg4 46. Rg7+ Kh6 47. e7 Rb8 48. Kf3 Kh5 49. Ke4 Nh6 50. Be3 Ng8 51. Rxg5+ Kh4 52. Re5 a4 53. Kf3 Nxe7 54. Bf2+ 1-0